000 00942cam a22002411 4500
001 ne 62000156
003 DLC
005 20260227111734.0
008 790210s1860 xx 000 0 ger
010 _ane 62000156
035 _a(OCoLC)4637782
040 _aDLC
_cOCl
_dOCoLC
_dDLC
041 0 _agerarapertur
042 _apremarc
050 0 0 _aPJ7755.B8
_bB85
100 1 _aBūṣīrī, Sharaf al-Dīn Muḥammad ibn Saʻīd,
_d1213?-1296?
245 0 4 _aDie Burda,
_bein Lobgedicht auf Muhammad von al-Busîrî, neu hrsg. im arabischen Texmit metrischer persischer und türkischer Übersetzung. Ins Deutsche übertragen und mit Anmerkungen versehen von C. A. Ralfs. Bevorwortet von Walter Behrnauer.
260 _aWien,
_bAus der Kaiserlich-Königlichen Hof- und Staatsdruckerei,
_c1860.
300 _a26, 34 p.
_c26 cm.
500 _aAdded t.-p.: arabic.
700 1 _aRalfs, C. A.,
_d1832-1859,
_eed. and tr.
740 3 _aal-Burdah.
999 _c45000
_d45000